| Tag |
First Indicator |
Second Indicator |
Subfields |
| LEADER |
00000cam a2200000 a 4500 |
| 001 |
in00004640613 |
| 006 |
m o d |
| 007 |
cr |n||||||||| |
| 008 |
210614s2021 cau o 000 0 eng d |
| 005 |
20230110224612.0 |
| 035 |
|
|
|a (OCoLC)on1258902466
|
| 040 |
|
|
|a S2H
|b eng
|e pn
|c S2H
|d OCLCO
|d YDX
|d UIU
|d OPELS
|d OCLCO
|d YDX
|d N$T
|d OCLCQ
|d OCLCO
|
| 019 |
|
|
|a 1256251919
|a 1256264793
|
| 020 |
|
|
|a 0128236272
|q (electronic book)
|
| 020 |
|
|
|a 9780128236277
|q (electronic bk.)
|
| 020 |
|
|
|z 9780128235331
|q (Paper)
|
| 020 |
|
|
|z 0128235330
|q (Paper)
|
| 035 |
|
|
|a (OCoLC)1258902466
|z (OCoLC)1256251919
|z (OCoLC)1256264793
|
| 037 |
|
|
|a 6640012
|b Proquest Ebook Central
|
| 050 |
|
4 |
|a HD9560.5
|b .P66 2021
|
| 082 |
0 |
4 |
|a 338.3
|2 23
|
| 049 |
|
|
|a TXAM
|
| 100 |
1 |
|
|a Ponte, Gerardo Portela Da.
|
| 245 |
1 |
0 |
|a Risk Management in the Oil and Gas Industry :
|b Offshore and Onshore Concepts and Case Studies /
|c Gerardo Portela Da Ponte, Jr.
|
| 260 |
|
|
|a San Diego :
|b Gulf Professional Publishing,
|c 2021.
|
| 300 |
|
|
|a 1 online resource
|
| 336 |
|
|
|a text
|b txt
|2 rdacontent
|
| 337 |
|
|
|a computer
|b c
|2 rdamedia
|
| 338 |
|
|
|a online resource
|b cr
|2 rdacarrier
|
| 588 |
0 |
|
|a Print version record.
|
| 650 |
|
0 |
|a Petroleum industry and trade
|x Risk management.
|
| 650 |
|
6 |
|a Pétrole
|x Industrie et commerce
|x Gestion du risque.
|
| 655 |
|
7 |
|a Electronic books.
|2 local
|
| 655 |
|
7 |
|a e-books.
|2 aat
|
| 655 |
|
7 |
|a Livres numériques.
|2 rvmgf
|
| 710 |
2 |
|
|a Knovel (Firm)
|
| 776 |
0 |
8 |
|i Print version:
|z 0128235330
|z 9780128235331
|w (OCoLC)1204140162
|
| 856 |
4 |
0 |
|u http://proxy.library.tamu.edu/login?url=https://app.knovel.com/hotlink/toc/id:kpRMOGIOO1/risk-management-in?kpromoter=marc
|z Connect to the full text of this electronic book
|t 0
|
| 955 |
|
|
|a Knovel ebooks
|
| 994 |
|
|
|a 92
|b TXA
|
| 999 |
f |
f |
|s 25e89159-f412-4118-9898-aaf911cdec9c
|i 1315f4a4-75fa-44b8-baa1-99b92a0f57ff
|t 0
|
| 952 |
f |
f |
|a Texas A&M University
|b College Station
|c Electronic Resources
|d Available Online
|t 0
|e HD9560.5 .P66 2021
|h Library of Congress classification
|
| 998 |
f |
f |
|a HD9560.5 .P66 2021
|t 0
|l Available Online
|